| 000 | 00522pab a2200193 454500 | ||
|---|---|---|---|
| 008 | 180718b2005 xxu||||| |||| 00| 0 eng d | ||
| 100 | _aRallings, Colin | ||
| 245 | _aTrends in local elections in Britain, 1975-2003 | ||
| 260 | _c2005 | ||
| 300 | _ap.393-413. | ||
| 362 | _aAug | ||
| 650 | _aElections - Great Britain | ||
| 650 | _aLocal government - Great Britain | ||
| 650 | _aLocal government | ||
| 700 | _aDenver, David | ||
| 700 | _aThrasher, Michael | ||
| 773 | _aLocal Government Studies | ||
| 909 | _a65944 | ||
| 999 |
_c65944 _d65944 |
||